| 000 | 00366nam a2200145Ia 4500 | ||
|---|---|---|---|
| 008 | 230711s9999||||xx |||||||||||||| ||und|| | ||
| 041 | _aENG | ||
| 082 |
_a540 _bBR-C |
||
| 100 | _aBrown,Theodore H | ||
| 245 | 0 | _aChemistry the central science | |
| 250 | _a4th | ||
| 260 |
_c1988 _aNew Delhi _bPrentice-Hall of India Private Limited |
||
| 650 | _aChemistry | ||
| 942 | _cBK | ||
| 999 |
_c943 _d943 |
||